Стоимостное управление предприятием на основе сбалансированной системы показателей; Проблемы теории и практики управления; № 3

Dades bibliogràfiques
Parent link:Проблемы теории и практики управления.— , 1983-
№ 3.— 2011.— [С. 90-94]
Autor principal: Рыжакина Т. Г. Татьяна Гавриловна
Sumari:Заглавие с экрана
Рассматривается интеграция сбалансированной системы показателей в процесс стоимостного управления предприятием. Приведены показатели, входящие в эту систему, и их влияние на создание стоимости предприятия.
In the article the integration of balanced scorecard system in the process of enterprise value management is researched, indicators integrating this system are listed, their impact on enterprise value creation is investigated.
Режим доступа: по договору с организацией-держателем ресурса
Idioma:rus
Publicat: 2011
Matèries:
Accés en línia:http://elibrary.ru/item.asp?id=16038869
Format: MixedMaterials Electrònic Capítol de llibre
KOHA link:https://koha.lib.tpu.ru/cgi-bin/koha/opac-detail.pl?biblionumber=639047

MARC

LEADER 00000naa0a2200000 4500
001 639047
005 20250212115313.0
035 |a (RuTPU)RU\TPU\network\3445 
090 |a 639047 
100 |a 20150219d2011 k||y0rusy50 ca 
101 0 |a rus 
102 |a RU 
135 |a drcn ---uucaa 
181 0 |a i  
182 0 |a b 
200 1 |a Стоимостное управление предприятием на основе сбалансированной системы показателей  |d Enterprise Value Management Based on Balanced Scorecard  |f Т. Г. Рыжакина 
203 |a Текст  |c электронный 
300 |a Заглавие с экрана 
320 |a [Библиогр.: с. 94 (3 назв.)] 
330 |a Рассматривается интеграция сбалансированной системы показателей в процесс стоимостного управления предприятием. Приведены показатели, входящие в эту систему, и их влияние на создание стоимости предприятия. 
330 |a In the article the integration of balanced scorecard system in the process of enterprise value management is researched, indicators integrating this system are listed, their impact on enterprise value creation is investigated. 
333 |a Режим доступа: по договору с организацией-держателем ресурса 
461 |t Проблемы теории и практики управления  |d 1983- 
463 |t № 3  |v [С. 90-94]  |d 2011 
510 1 |a Enterprise Value Management Based on Balanced Scorecard  |z eng 
610 1 |a труды учёных ТПУ 
610 1 |a электронный ресурс 
610 1 |a сбалансированная система 
610 1 |a управление 
610 1 |a добавленная стоимость 
700 1 |a Рыжакина  |b Т. Г.  |c экономист  |c доцент Томского политехнического университета, кандидат экономических наук  |f 1962-  |g Татьяна Гавриловна  |3 (RuTPU)RU\TPU\pers\30678  |9 14958 
801 2 |a RU  |b 63413507  |c 20150515  |g RCR 
856 4 0 |u http://elibrary.ru/item.asp?id=16038869 
942 |c CF